Stadien auf des Lebens weg

Salvato in:
Dettagli Bibliografici
Natura: Libro
Lingua:tedesco
Pubblicazione: Düsseldorf Eugen Diederichs 1958
Serie:Gesammelte Werke, 15
Soggetti:
Tags: Aggiungi Tag
Nessun Tag, puoi essere il primo ad aggiungerne!!

MARC

LEADER 00000nam a2200000 a 4500
001 UCZ4537
003 CL-VaPUC
008 951110e19580000GW |||||||||||||||||ger|d
082 0 4 |a 142.7  |b KIE  |2 21 
245 1 0 |a Stadien auf des Lebens weg 
300 |a 569 p 
942 |c BK 
945 |d 19951110 00:00:00  |a cmena 
260 |a Düsseldorf  |b Eugen Diederichs  |c 1958 
650 0 |a Existencialismo  |9 265698 
650 0 |a Filosofía danesa  |9 266957 
650 0 |a Teología   |9 258766 
650 0 |a Escuelas filosóficas   |9 266232 
583 |a last modification  |c 19951110 00:00:00  |k Rodrigo Vera 
490 0 |a Gesammelte Werke, 15 
999 |c 240909  |d 240907 
952 |0 0  |1 0  |4 0  |6 142_700000000000000_KIE_1958  |7 0  |8 P  |9 253029  |a BIBEDU  |b BIBEDU  |d 2019-11-19  |i 1571052  |o 142.7 KIE 1958  |p 1571052  |r 2025-01-22  |w 2019-11-19  |y BK  |k FIL